The eye : (Record no. 12340)

000 -LEADER
fixed length control field 00410cam a2200157 a 4500
020 ## - INTERNATIONAL STANDARD BOOK NUMBER
ISBN 0500810346
040 ## - CATALOGING SOURCE
Transcribing agency DLC
082 00 - DEWEY DECIMAL CLASSIFICATION NUMBER
Classification number 704 THA 1990 A075 Or.
100 1# - MAIN ENTRY--AUTHOR NAME
Personal name Huxley, Francis.
245 14 - TITLE STATEMENT
Title The eye :
Remainder of title the seer and the seen /
260 ## - PUBLICATION, DISTRIBUTION, ETC. (IMPRINT)
Place of publication London :
Name of publisher Thames and Hudson,
Year of publication c1990.
300 ## - PHYSICAL DESCRIPTION
Number of Pages 96 p. :
Other physical details ill. (some col.) ;
Dimensions 28 cm.
650 #0 - SUBJECT ADDED ENTRY--TOPICAL TERM
Topical Term Eye in art.
650 #0 - SUBJECT ADDED ENTRY--TOPICAL TERM
Topical Term Symbolism in art.
942 ## - ADDED ENTRY ELEMENTS (KOHA)
Koha item type សៀវភៅភាសាអង់គ្លេស
952 ## - LOCATION AND ITEM INFORMATION (KOHA)
Withdrawn status [LOCAL, KOHA] 0
Holdings
Permanent Location Date acquired Koha item type Lost status Shelving location Barcode Current Location Full call number
Library Block A2017-08-12សៀវភៅភាសាអង់គ្លេស A111A13444Library Block A704 THA 1990 A111 Or.
មជ្ឈមណ្ឌលឯការនៃសាកលវិទ្យាល័យភូមិន្ទកសិកម្មចំការដូង

Powered by Koha